000 00502nam a2200181Ia 4500
003 GCL
008 140319s9999 xx 000 0 eng d
040 _aGCL /
_cGCL
082 0 4 _a620.0011
_bG S
100 1 _aGRADY, JANE O.
245 1 0 _aSYSTEM ENGINEERING PLANNING AND ENTERPRISE IDENTITY /
_cGRADY, JANE O.
260 _a[S.N] :
_bCRC PRESS ،
_c1994
300 _a377 P
650 0 4 _aINDUSTRIAL ENGINEERING
650 0 4 _aENGINEERING ECONOMY
650 0 4 _aSYSTEM ENGINEERING
942 _2ddc
_cBK
999 _c10851
_d10851